Представление документа в формате RUSMARC

ПолеНазваниеЗначение
  Тип записи a
  Библиографический уровень m
001 Контрольный номер 852286555d484fd19456648f1c75663b
005 Дата корректировки 20170728151444.8
010 Индекс ISBN __
a ISBN 978-5-4468-3299-6
101 Язык документа 0_
a Язык текста rus
102 Страна публикации __
a Страна публикации RU
200 Заглавие и сведения об ответственности 1_
b Общее обозначение материала Текст
a Заглавие Архитектура ЭВМ и вычислительные системы
e Сведения, относящиеся к заглавию учебник для студ. учреждений сред. проф. образования
f Первые сведения об ответственности А. В. Сенкевич
205 Сведения об издании __
a Основные сведения об издании 3-е изд., стер.
210 Выходные данные 1_
a Место издания М.
c Издательство Издательский центр "Академия"
d Дата издания 2016
215 Физическое описание __
a Объем 240 с.
225 Серия 2_
a Серия Профессиональное образование
610 Ключевые слова 0_
a Ключевые слова учебник
a Ключевые слова ЭВМ
a Ключевые слова архитектура ЭВМ
a Ключевые слова вычислительные системы
a Ключевые слова устройство ЭВМ
a Ключевые слова системные платы
a Ключевые слова микросхемы
a Ключевые слова СПО
a Ключевые слова профессиональное образование
a Ключевые слова гриф ФИРО
a Ключевые слова колледж
686 Индексы других классификаций __
a Классификационный индекс 32.971.3я723
686 Индексы других классификаций __
a Классификационный индекс 32.97
700 Автор _1
a Фамилия Сенкевич
b Имя А. В.
g Полное личное имя Алексей Валентинович
801 Источник записи _0
a Страна RU
b Организация РУК
g Правила каталогизации PSBO
c Дата составления 20170728
801 Источник записи _1
a Страна RU
b Организация РУК
g Правила каталогизации PSBO
852 Данные о местонахождении __
i Авторский знак С 31
j Шифр хранения ББК 32.97
901 Тип документа __
t Тип документа m
937 Технологическая информация __
a Создатель записи (имя) Мясникова
938 Служебная информация __
a Название организации Головной вуз
952 Тип литературы __
b Гриф литературы для ВШ гриф
c Вид литературы учебник